Top 5 Basketball Recruits by State - 2015 - Statistics

General Stats
  • This quiz has been taken 9 times
    2 since last reset
  • The average score is 29 of 179
Answer Stats
State Rank Player Current Team / Status % Correct
Ohio 83 A.J. Harris Retired
100%
Utah 226 Brock Miller Retired
100%
Pennsylvania 48 Derrick Jones Jr. Los Angeles Clippers
100%
Michigan 26 Deyonta Davis Free Agent
100%
Illinois 77 D.J. Williams Retired
100%
New Hampshire 29 Donovan Mitchell Cleveland Cavaliers
100%
Texas 44 Elijah Thomas Al Ahli Club - Bahrain
100%
Michigan 52 Eric Davis Retired
100%
Georgia 4 Jaylen Brown Boston Celtics
100%
Mississippi 358 Jerekius Davis Retired
100%
Virginia 96 Kenny Williams Promitheas Patras B.C. - Greece
100%
Arkansas 64 KeVaughn Allen Free Agent
100%
Tennessee 255 Nych Smith Retired
100%
Washington, D.C. 249 Sam Miller Retired
100%
Mississippi 171 Terence Davis Sacramento Kings
100%
Texas 31 Tyler Davis Free Agent
100%
Vermont 434 Tyler Jackson Retired
100%
New Hampshire 154 A.J. Turner Retired
50%
Florida 1 Ben Simmons Free Agent
50%
North Carolina 3 Brandon Ingram Toronto Raptors
50%
Illinois 60 Charles Matthews Memphis Hustle
50%
Vermont 317 Corey Johnson Team Newcastle University - UK
50%
South Carolina 214 Damontrae Jefferson Retired
50%
Alabama 198 Dazon Ingram Free Agent
50%
Kansas 172 Dean Wade Cleveland Cavaliers
50%
Washington 49 Dejounte Murray New Orleans Pelicans
50%
Washington 164 Dominic Green Uniclub Casino Juventus Utenos - Lithuania
50%
Alabama 151 Donta Hall Saski Baskonia - Spain
50%
Georgia 87 Doral Moore Free Agent
50%
Louisiana 130 Jacob Evans BK Olomoucko - Czech Republic
50%
Massachusetts 23 Jalen Adams Hapoel Holon B.C. - Israel
50%
Minnesota 179 Jarvis Johnson Retired
50%
Texas 27 Jawun Evans Free Agent
50%
Utah 132 Jesse Wade Retired
50%
Maryland 101 Justin Robinson Free Agent
50%
Missouri 117 Juwan Morgan KK Budućnost - Montenegro
50%
Indiana 131 K.J. Walton Retired
50%
Michigan 320 Mike Edwards SCM winsed.swiss Mozzart Bet Timisoara - Romania
50%
Tennessee 95 Nick Marshall Retired
50%
Tennessee 2 Skal Labissière Stockton Kings
50%
New Jersey 127 Traci Carter Retired
50%
Massachusetts 114 Aaron Falzon Besancon Avenir Comtois - Malta
0%
Minnesota 147 Alex Illikainen Retired
0%
Maryland 13 Allonzo Trier Retired
0%
Oregon 298 Anthony Mathis BC Kalev - Estonia
0%
Florida 16 Antonio Blakeney Hapoel Tel Aviv - Israel
0%
Kentucky 105 Aric Holman Formosa Dreamers - Taiwan
0%
Colorado 216 Austin Conway Retired
0%
Michigan 173 Brad Brechting Retired
0%
Iowa 368 Brady Ernst Retired
0%
Alabama 202 Brandon Austin Free Agent
0%
Arizona 503 Brandon Clarke Memphis Grizzlies
0%
Louisiana 56 Brandon Sampson Ottawa BlackJacks - Canada
0%
Wisconsin 94 Brevin Pritzl Free Agent
0%
Washington, D.C. 99 Bryant Crawford BC Avtodor - Russia
0%
Indiana 19 Caleb Swanigan Retired
0%
Kentucky 163 Camron Justice Retired
0%
Ohio 24 Carlton Bragg Jr. Al-Nassr BC - Saudi Arabia
0%
Louisiana 316 Chad Lott Retired
0%
California 50 Chance Comanche Indicted
0%
Nevada 18 Chase Jeter Retired
0%
New York 5 Cheick Diallo Osos de Manatí - Puerto Rico
0%
California 38 Chimezie Metu Free Agent
0%
Virginia 62 Chris Clarke Obras Basket Buenos Aires - Argentina
0%
Arizona 256 Craig Randal II Retired
0%
Massachusetts 200 Curtis Cobb III Retired
0%
Arizona 224 Dane Kuiper Retired
0%
Georgia 51 Daniel Giddens Free Agent
0%
Alabama 67 Danjel Purifoy U.D. Oliveirense - Portugal
0%
Washington 174 David Crisp Seattle Super Hawks - TBL
0%
Tennessee 36 Dedric Lawson Xinjiang Flying Tigers - China
0%
Florida 35 Deng Adel Ottawa BlackJacks - Canada
0%
Nevada 14 Derryck Thornton Free Agent
0%
Wisconsin 6 Diamond Stone Zavkhan Brothers - Mongolia
0%
Kentucky 231 Dikembe Dixson Hoops Club - Lebanon
0%
Texas 30 D.J. Hogg Chiba Jets - Japan
0%
Delaware 124 Donte DiVincenzo Minnesota Timberwolves
0%
Oregon 123 Drew Eubanks Sacramento Kings
0%
Florida 17 Dwayne Bacon Dubai Basketball - UAE
0%
North Carolina 204 Ebuka Izundu KK Crvena Zvezda - Serbia
0%
Illinois 111 Ed Morrow Retired
0%
Kansas 370 Eric Hamilton Retired
0%
Pennsylvania 184 Ernest Aflakpui Retired
0%
Ohio 66 Esa Ahmad BK KVIS Pardubice - Czech Republic
0%
Virginia 79 Frank Howard Retired
0%
Colorado 509 Garrett Bye Retired
0%
Pennsylvania 86 Georgios Papagiannis Anadolu Efes S.K. - Turkey
0%
Illinois 76 Glynn Watson Jr. BCM Gravelines-Dunkerque - France
0%
Wisconsin 9 Henry Ellenson Wonju DB Promy - South Korea
0%
Nevada 65 Horace Spencer Ostioneros de Guaymas - Mexico
0%
Indiana 47 Isaac Humphries Adelaide 36ers - Australia
0%
New Jersey 12 Isaiah Briscoe Borneo Hornbills - Indonesia
0%
California 7 Ivan Rabb Retired
0%
Kansas 401 Jahmal McMurray MKKS Zak Koszalin - Poland
0%
Mississippi 247 Jahshire Hardnett Retired
0%
Utah 228 Jake Lindsey Retired
0%
Illinois 22 Jalen Brunson New York Knicks
0%
Indiana 37 Jalen Coleman-Lands Retired
0%
Nevada 137 Jalen Poyser Retired
0%
Oklahoma 497 Jalone Friday Zonkeys de Tijuana - Mexico
0%
Kentucky 240 James Bolden Retired
0%
Florida 40 JaQuan Lyle Retired
0%
New Hampshire 160 Jarred Reuter Retired
0%
Massachusetts 431 Jesse Bunting Retired
0%
New York 46 Jessie Govan Free Agent
0%
Missouri 68 Jimmy Whitt Jr. Free Agent
0%
South Carolina 243 J.J. Arcega-Whiteside Free Agent - Football
0%
Iowa 383 Jordan Dallas Bambitious Nara - Japan
0%
Alabama 303 Joseph Strugg Retired
0%
Connecticut 426 Josh Ajayi Basket Torino - Italy
0%
Massachusetts 128 Josh Sharma Bursaspor Basketbol - Turkey
0%
Minnesota 462 Justin Dahl Retired
0%
Maryland 153 Justin Jenifer Retired
0%
Nebraska 85 Justin Patton Cangrejeros de Santurce - Puerto Rico
0%
California 33 Justin Simon MHP Riesen Ludwigsburg - Germany
0%
South Carolina 455 Karl Gamble Retired
0%
New York 108 Kassoum Yakwe Retired
0%
Montana 402 Kendal Manuel Retired
0%
Arizona 356 Kenzo Nudo Retired
0%
Texas 45 Kerwin Roach CS Antonine - Lebanon
0%
Ohio 166 Kyle Ahrens Retired
0%
Minnesota 495 Kyle McKinley Retired
0%
Tennessee 81 LaGerald Vick Free Agent
0%
Missouri 148 Landry Shamet Free Agent
0%
Maryland 232 Leroy Butts IV Retired
0%
Ohio 21 Luke Kennard Atlanta Hawks
0%
North Carolina 155 Luke Maye Nagoya Diamond Dolphins - Japan
0%
Utah 162 Makol Mawien Club Leones Potosi Basquetbol - Bolivia
0%
New Jersey 34 Malachi Richardson Free Agent
0%
Idaho 281 Malek Harwell Retired
0%
Georgia 39 Malik Beasley Free Agent
0%
Nebraska 508 Malik Hluchoweckyj Retired
0%
Mississippi 8 Malik Newman Merkezefendi Belediyesi Denizli Basket - Turkey
0%
Virginia 32 Mamadi Diakite Valley Suns
0%
Virginia 80 Marcus Derrickson Free Agent
0%
New Jersey 129 Markis McDuffie JDA Dijon Basket - France
0%
Iowa 292 Marlon Stewart Retired
0%
Arkansas 512 Marquise Pointer Retired
0%
Washington 104 Matisse Thybulle Portland Trail Blazers
0%
Wisconsin 136 Matt Heldt Retired
0%
New York 103 Matt Ryan Free Agent
0%
Louisiana 182 Melvin Frazier Free Agent
0%
Iowa 263 Michael Jacobson New Orleans Saints - NFL
0%
Iowa 374 Mike Rodriguez Retired
0%
Pennsylvania 122 Mike Watkins Free Agent
0%
New Jersey 70 Moustapha Diagne Retired
0%
Kansas 408 Nathan Bain Retired
0%
Wisconsin 145 Nick Noskowiak Retired
0%
Georgia 73 Noah Dickerson MVM-Oroszlanyi Sportegylet E Lions - Hungary
0%
Indiana 92 Nolan Narain Retired
0%
Missouri 294 OG Anunoby New York Knicks
0%
South Carolina 25 PJ Dozier Anadolu Efes S.K. - Turkey
0%
Mississippi 102 Quinndary Weatherspoon Brampton Honey Badgers - Canada
0%
Maryland 169 Randall Broddie Retired
0%
North Carolina 152 Rayjon Tucker AEK Athens - Greece
0%
Kentucky 42 Ray Spalding Retired
0%
Wyoming 488 Renard Suggs Retired
0%
Washington 371 Robert Franks Ibaraki Robots - Japan
0%
Missouri 302 Ronnie Suggs Jr. Retired
0%
Colorado 406 Ronshad Shabazz Retired
0%
Minnesota 191 Sacar Anim Scafati Basket - Italy
0%
Arizona 381 Sammy Barnes-Thompkins Free Agent
0%
Michigan 254 Seth Dugan Kalamazoo Christian Comets - (Head Coach)
0%
Oklahoma 90 Shake Milton Los Angeles Lakers
0%
North Carolina 175 Shaun Kirk Retired
0%
Pennsylvania 126 Shizz Alston KB Vëllaznimi - Kosovo
0%
Nevada 11 Stephen Zimmerman Bambitious Nara - Japan
0%
Connecticut 461 Sterling Taplin Retired
0%
Connecticut 84 Steven Enoch Free Agent
0%
New Hampshire 100 Terance Mann Brooklyn Nets
0%
South Carolina 57 Tevin Mack Al-Ittihad Jeddah - Saudi Arabia
0%
Kansas 418 Tez Scroggins Retired
0%
New York 20 Thomas Bryant Free Agent
0%
Montana 78 Tres Tinkle Trabzonspor B.K. - Turkey
0%
California 28 Tyler Dorsey Olympiacos B.C. - Greece
0%
New Hampshire 72 Tyler Lydon Retired
0%
Connecticut 395 Vincent Eze Retired
0%
Louisiana 252 Von Julien Retired
0%
Utah 253 Zac Seljaas ASVEL - France
0%
No matching quizzes found
Score Distribution
Percent of People with Each Score
Percentile by Number Answered
Your Score History
You have not taken this quiz since the last reset